书目信息 |
| 题名: |
2007硕士研究生入学考试西医综合历年真题精析
|
|
| 作者: | 贺银成 编著 | |
| 分册: | ||
| 出版信息: | 北京 现代出版社 2006.05 |
|
| 页数: | 406页 | |
| 开本: | 26cm | |
| 丛书名: | ||
| 单 册: | ||
| 中图分类: | R-44 | |
| 科图分类: | ||
| 主题词: | 医药学 | |
| 电子资源: | ||
| ISBN: | 7-80188-307-1 | |
| 000 | 00695nam0 2200217 450 | |
| 001 | 0778446145 | |
| 005 | 20071226214813.79 | |
| 010 | @a7-80188-307-1@dCNY32.00 | |
| 100 | @a20071226d2006 km y0chiy0120 ea | |
| 101 | 0 | @achi |
| 102 | @aCN@b110000 | |
| 200 | 1 | @a2007硕士研究生入学考试西医综合历年真题精析@A2007 shuo shi yan jiu sheng ru xue kao shi xi yi zong he li nian zhen ti jing xi@f贺银成编著@Fhe yin cheng bian zhu |
| 210 | @a北京@c现代出版社@d2006.05 | |
| 215 | @a406页@d26cm | |
| 300 | @a修订本 | |
| 606 | 0 | @a医药学 |
| 690 | @aR-44@v4 | |
| 701 | 0 | @a贺银成@Ahe yin cheng@4编著 |
| 801 | 0 | @aCN@b大连网信软件有限公司图书馆@c20071226 |
| 905 | @aBZT@dR-44@e1 | |
| 906 | @dCNY32.00@n0@r1 | |
| 2007硕士研究生入学考试西医综合历年真题精析/贺银成编著.-北京:现代出版社,2006.05 |
| 406页;26cm |
| 修订本 |
| ISBN 7-80188-307-1:CNY32.00 |
| ● |
| 相关链接 |
|
|
|
正题名:2007硕士研究生入学考试西医综合历年真题精析
索取号:R-44/1
 
预约/预借
| 序号 | 登录号 | 条形码 | 馆藏地/架位号 | 状态 | 备注 |
| 1 | 604955 | 2000604955 | 中心书库中库/ 中库001架A面2列4层10/ [索取号:R-44/1] | 在馆 | |
| 2 | 604956 | 2000604956 | 中心书库中库/ 中库001架A面2列4层8/ [索取号:R-44/1] | 在馆 | |
| 3 | 604957 | 2000604957 | 中心书库中库/ 中库001架A面2列4层7/ [索取号:R-44/1] | 在馆 | |
| 4 | 604958 | 2000604958 | 中心书库中库/ 中库001架A面2列4层5/ [索取号:R-44/1] | 在馆 | |
| 5 | 604959 | 2000604959 | 中心书库中库/ 中库001架A面2列4层4/ [索取号:R-44/1] | 在馆 | |
| 6 | 604960 | 2000604960 | 中心书库中库/ 中库001架A面2列4层11/ [索取号:R-44/1] | 在馆 | |
| 7 | 604961 | 2000604961 | 中心书库中库/ 中库001架A面2列4层12/ [索取号:R-44/1] | 在馆 | |
| 8 | 604962 | 2000604962 | 中心书库中库/ 中库001架A面2列4层3/ [索取号:R-44/1] | 在馆 | |
| 9 | 604963 | 2000604963 | 中心书库中库/ 中库001架A面2列4层6/ [索取号:R-44/1] | 在馆 | |
| 10 | 604964 | 2000604964 | 中心书库中库/ 中库001架A面2列4层9/ [索取号:R-44/1] | 在馆 |